Proceedings of the 2002 ACM SIGPLAN workshop on Partial evaluation and semantics-based program manipulation

Sonraí bibleagrafaíochta
Formáid: Leictreonach LEABHAR
Teanga:English
Foilsithe / Cruthaithe: Association for Computing Machinery (ACM), 1/14/02
Ábhair:
Rochtain ar líne:Full text available on Research4Life (ACM)
Classic Catalogue: View this record in Classic Catalogue
LEADER 00877cam a2200169 a 4500
001 AALConferenceProceedingsResearch4Life(ACM)010270
008 240908c9999 xx r poo 0 0eng d
020 |a 9781581134551 
040 |a BD-DhAAL  |c BD-DhAAL 
245 0 0 |h [electronic resource]  |a Proceedings of the 2002 ACM SIGPLAN workshop on Partial evaluation and semantics-based program manipulation 
260 1 |b Association for Computing Machinery (ACM),  |c 1/14/02 
300 |a 1 online resource 
500 |a <strong>On-Campus Access Only (IP based access)</strong> 
506 |a Electronic access restricted to authorized BRAC University faculty, staff and students 
538 |a Mode of access: Internet 
655 7 |a Conference papers and proceedings.  |2 Library of Congress 
856 4 0 |z Full text available on Research4Life (ACM)  |u https://login.research4life.org/tacsgr1dl_acm_org/doi/book/10.1145/503032